000 00555nam a2200169Ia 4500
003 GCL
008 140319s9999 xx 000 0 ara d
040 _aGCL /
_cGCL
082 0 4 _a811.9
_bظ ا
100 1 _aظبية خميس
245 1 0 _aالشعر الجديد انا واصدقائى شعراء المقاهى والبارات والسجون /
_cظبية خميس
260 _a[S.N] :
_bوحدة الكمبيوتر ،
_c1993
300 _a183 ص
490 _aمطبعة الكتابة الاخرى
_v0
650 0 4 _aالشعر
942 _2ddc
_cBK
999 _c54850
_d54850